| 000 | 00663nam a2200265Ia 4500 | ||
|---|---|---|---|
| 008 | 160803s9999 xx 000 0 und d | ||
| 020 | _a978-0142414422 | ||
| 100 | _aLupica, Mike | ||
| 245 | _aTwo-minute drill / | ||
| 245 | _cMike Lupica. | ||
| 260 | _aNew York : | ||
| 260 | _bScholastic Inc. | ||
| 260 | _c2007 | ||
| 300 | _a180 pages ; | ||
| 300 | _c20 cm. | ||
| 500 | _a"A Comeback Kids novel." | ||
| 650 | _aDyslexia -- | ||
| 650 | _aFootball stories. | ||
| 650 | _aFriendship in children -- | ||
| 650 | _aSchools -- | ||
| 650 | _xJuvenile fiction. | ||
| 650 | _xJuvenile fiction. | ||
| 650 | _xJuvenile fiction. | ||
| 700 | _a880 | ||
| 999 |
_c298114 _d298114 |
||